Balkánsky syndróm a politika susedstva v strednej Európe

Tragické následky stredoeurópskych etnických konfliktov v 20. storočí.

Salvato in:
Dettagli Bibliografici
Autore principale: Zágoršeková, Marta
Natura: Capitolo di libro
Lingua:slovacco
Soggetti:
Tags: Aggiungi Tag
Nessun Tag, puoi essere il primo ad aggiungerne!!

MARC

LEADER 00000naa$a2200000$$$4500
001 0105606
005 20240502072154.5
041 0 |a slo 
044 |a SK 
245 1 0 |a Balkánsky syndróm a politika susedstva v strednej Európe  |c Marta Zágoršeková 
520 |a Tragické následky stredoeurópskych etnických konfliktov v 20. storočí. 
610 2 0 |a konflikty medzinárodné 
610 2 0 |a Balkán 
610 2 0 |a stredná Európa 
610 2 0 |a kultúra 
610 2 0 |a pluralizmus 
100 1 |a Zágoršeková, Marta